[Event "División  Honor Aragonesa 2018 "]
[Site "Aragon"]
[Date "2018.02.10"]
[Round "3.16"]
[White "Fontana Sotomayor, Luis Javier"]
[Black "Cerrajeria Ruiz, Jesus Maria"]
[Result "1-0"]
[WhiteElo "2239"]
[BlackElo "2142"]
[PlyCount "153"]
[EventDate "2018.??.??"]
[EventType "tourn"]
[EventRounds "10"]
[EventCountry "ESP"]

1. d4 Nf6 2. Nf3 g6 3. Bg5 Ne4 4. Bh4 c5 5. c3 cxd4 6. Qxd4 Qb6 7. Nbd2 Qxd4 8.
cxd4 d5 9. e3 Nc6 10. Rc1 Nxd2 11. Kxd2 f6 12. Bg3 e6 13. a3 g5 14. h3 h5 15.
Bb5 Bd7 16. Ke2 Rc8 17. Bd3 Kf7 18. b4 a6 19. Nd2 Be7 20. Nb3 Na7 21. Nc5 Bxc5
22. bxc5 h4 23. Bh2 Rhe8 24. Rb1 Nb5 25. Kd2 Bc6 26. a4 Na7 27. Bd6 Rcd8 28.
Rb4 Rd7 29. f3 Nc8 30. Bh2 Ne7 31. Rhb1 Ng8 32. Rb6 Nh6 33. Bxa6 bxa6 34. Rxc6
e5 35. dxe5 d4 36. e4 Ng8 37. exf6 Nxf6 38. Rd6 Ra7 39. c6 Ree7 40. Rxd4 Ne8
41. Bb8 Ra8 42. Rd7 Ke6 43. Rbb7 Rg7 44. Bh2 Rxd7+ 45. cxd7 Rd8 46. Rb6+ Kf7
47. Rxa6 Rxd7+ 48. Ke3 Rb7 49. Be5 Rb3+ 50. Kd4 Rb2 51. Ra7+ Ke6 52. Ra6+ Kf7
53. Ra7+ Ke6 54. Ra8 Kd7 55. a5 Rxg2 56. Ra7+ Ke6 57. Ra6+ Kf7 58. Rc6 Ra2 59.
a6 Ke7 60. Rg6 Kf7 61. Rxg5 Rxa6 62. Ke3 Rh6 63. Kf4 Rh7 64. Kg4 Ke6 65. f4 Rh6
66. Bd4 Kf7 67. f5 Ra6 68. Be5 Ra4 69. Kf4 Ra3 70. Rh5 Rxh3 71. Rh7+ Kg8 72.
Re7 Kf8 73. f6 Ra3 74. Rh7 h3 75. f7 h2 76. fxe8=Q+ Kxe8 77. Rxh2 1-0

[Event "División  Honor Aragonesa 2018 "]
[Site "Aragon"]
[Date "2018.02.10"]
[Round "3.17"]
[White "Sierra Aguerri, Joaquin"]
[Black "Lana Rodriguez, David"]
[Result "0-1"]
[WhiteElo "2074"]
[BlackElo "2275"]
[PlyCount "92"]
[EventDate "2018.??.??"]
[EventType "tourn"]
[EventRounds "10"]
[EventCountry "ESP"]

1. d4 Nf6 2. Bf4 e6 3. e3 c5 4. c3 Nc6 5. Nd2 d5 6. Bd3 Bd6 7. Bxd6 Qxd6 8. f4
cxd4 9. cxd4 Nb4 10. Bb1 Qa6 11. Qe2 Qa4 12. Qd1 Qa6 13. Qb3 Qd6 14. a3 Nc6 15.
Ngf3 b6 16. Bd3 Na5 17. Qd1 O-O 18. Ne5 Bb7 19. Qf3 Nd7 20. Qh5 Nf6 21. Qf3 Qe7
22. O-O Nc4 23. Bxc4 dxc4 24. e4 Nxe4 25. Nxe4 f5 26. Qc3 Bxe4 27. Qxc4 Rac8
28. Qb3 Rc2 29. Rf2 Rxf2 30. Kxf2 Rc8 31. Nf3 Rc2+ 32. Kg1 Qd6 33. Re1 Qc6 34.
Re3 Rc1+ 35. Kf2 Rc2+ 36. Kg3 Bd5 37. Qb4 Qe8 38. Nh4 Qh5 39. h3 g5 40. Nf3
gxf4+ 41. Kxf4 Qh6+ 42. Ng5 Qh4+ 43. g4 Rf2+ 44. Nf3 fxg4 45. hxg4 Qh6+ 46. g5
Qh2+ 0-1

[Event "División  Honor Aragonesa 2018 "]
[Site "Aragon"]
[Date "2018.02.10"]
[Round "3.18"]
[White "Mimbela Lopez, Miguel A"]
[Black "Fernandez Rubio, Rafael"]
[Result "0-1"]
[WhiteElo "2144"]
[BlackElo "2056"]
[PlyCount "67"]
[EventDate "2018.??.??"]
[EventType "tourn"]
[EventRounds "10"]
[EventCountry "ESP"]

1. d4 d6 2. c4 e5 3. Nf3 e4 4. Nfd2 f5 5. e3 Nf6 6. Nc3 Be7 7. b3 O-O 8. Be2 c6
9. Bb2 d5 10. Qc2 Be6 11. h3 Na6 12. a3 Nc7 13. Na4 Nd7 14. g3 Rc8 15. Rc1 Bf6
16. Bc3 Be7 17. Qb2 g5 18. f4 exf3 19. Nxf3 b6 20. Bd3 Bd6 21. Qg2 Bxa3 22. Nb2
Bd6 23. h4 g4 24. Ng5 Qe8 25. O-O Nf6 26. Nxe6 Qxe6 27. Bd2 Nh5 28. Rf4 Nxf4
29. exf4 Qf6 30. Qf2 c5 31. cxd5 Qxd4 32. Be3 Qf6 33. Qg2 Rfe8 34. Bf2 0-1

[Event "División  Honor Aragonesa 2018 "]
[Site "Aragon"]
[Date "2018.02.10"]
[Round "3.19"]
[White "Sancho Casale, Jesus"]
[Black "Lacruz Algarate, Alvaro"]
[Result "1-0"]
[WhiteElo "2005"]
[BlackElo "2113"]
[PlyCount "77"]
[EventDate "2018.??.??"]
[EventType "tourn"]
[EventRounds "10"]
[EventCountry "ESP"]

1. Nf3 Nf6 2. c4 b6 3. g3 Bb7 4. Bg2 e6 5. O-O Be7 6. b3 O-O 7. Bb2 c5 8. e3 d5
9. Qe2 dxc4 10. bxc4 Nc6 11. Rd1 Qc7 12. Nc3 Rac8 13. Rac1 Rfd8 14. d4 Na5 15.
Nb5 Qb8 16. dxc5 Bxc5 17. Be5 Qa8 18. Nc7 Rxc7 19. Bxc7 Rc8 20. Be5 Ne4 21. Nd2
Nc3 22. Bxc3 Bxg2 23. Qg4 g6 24. Qf4 Bh3 25. e4 Qc6 26. Qh6 Bxf2+ 27. Kxf2 Qc5+
28. Qe3 Qh5 29. Qd4 f6 30. Nf3 Rf8 31. Rd3 Nc6 32. Qd6 Ne5 33. Bxe5 fxe5 34.
Ke2 Bg4 35. Rf1 Qxh2+ 36. Rf2 Qxg3 37. Re3 h5 38. Ke1 Bxf3 39. Qxf8+ 1-0

[Event "División  Honor Aragonesa 2018 "]
[Site "Aragon"]
[Date "2018.02.10"]
[Round "3.20"]
[White "Moreno Martin-Viveros, Alvaro"]
[Black "San Lazaro Lorente, David"]
[Result "1-0"]
[WhiteElo "2089"]
[BlackElo "1846"]
[PlyCount "45"]
[EventDate "2018.??.??"]
[EventType "tourn"]
[EventRounds "10"]
[EventCountry "ESP"]

1. e4 c6 2. d4 d5 3. Nc3 dxe4 4. Nxe4 Bf5 5. Ng3 Bg6 6. N1e2 h6 7. Nf4 Bh7 8.
Bc4 Nf6 9. O-O Qd6 10. c3 b5 11. Qb3 bxc4 12. Qb7 g5 13. Nfh5 Nxh5 14. Nxh5 Bg6
15. Ng3 Bg7 16. Qxa8 Qc7 17. d5 O-O 18. Be3 Bd3 19. Rfe1 f5 20. Qxa7 Qd6 21.
Bc5 Qxd5 22. Rxe7 Bf6 23. Rb7 1-0

[Event "División  Honor Aragonesa 2018 "]
[Site "Aragon"]
[Date "2018.02.10"]
[Round "3.21"]
[White "Del Rey, Diego"]
[Black "Gavin Roche, Enrique"]
[Result "1-0"]
[WhiteElo "2323"]
[BlackElo "2231"]
[PlyCount "107"]
[EventDate "2018.??.??"]
[EventType "tourn"]
[EventRounds "10"]
[EventCountry "ESP"]

1. e4 d6 2. d4 Nf6 3. Nc3 e5 4. Nf3 Nbd7 5. Bc4 Be7 6. O-O O-O 7. Re1 c6 8. a4
b6 9. Bg5 a6 10. d5 c5 11. Nd2 Kh8 12. Rb1 Ng8 13. Be3 g6 14. Bf1 f5 15. exf5
gxf5 16. f4 Ndf6 17. h3 e4 18. b4 Qe8 19. bxc5 bxc5 20. Nc4 Nd7 21. a5 Qg6 22.
Na4 Ngf6 23. Qd2 Ra7 24. Nab6 Bb7 25. Rb3 Qf7 26. Rd1 Rd8 27. Nxd7 Rxd7 28. Nb6
Rd8 29. c4 h6 30. Rdb1 Nh5 31. Qf2 Qg7 32. Kh2 Rg8 33. Na4 Bc8 34. Bd2 Bf6 35.
Rb8 Ng3 36. Be3 Bh4 37. Qb2 Bf6 38. Qf2 Bd4 39. R8b3 Bf6 40. Nb6 Bb7 41. Rd1
Kh7 42. Bc1 e3 43. Rxe3 Ne4 44. Qf3 Bd4 45. Rxe4 fxe4 46. Qxe4+ Kh8 47. Qe6
Raa8 48. Nxa8 Bc8 49. Qe2 Bxh3 50. Rd3 Bg4 51. Qe4 Rxa8 52. Be3 Bf6 53. Bd2 Qf7
54. Bc3 1-0

[Event "División  Honor Aragonesa 2018 "]
[Site "Aragon"]
[Date "2018.02.10"]
[Round "3.22"]
[White "Laliena Solanes, Luis"]
[Black "Villuendas Valero, Adrian"]
[Result "0-1"]
[WhiteElo "2140"]
[BlackElo "2291"]
[PlyCount "102"]
[EventDate "2018.??.??"]
[EventType "tourn"]
[EventRounds "10"]
[EventCountry "ESP"]

1. e4 e5 2. Nf3 Nc6 3. Bc4 Bc5 4. c3 Nf6 5. d4 exd4 6. cxd4 Bb4+ 7. Nbd2 Nxe4
8. d5 Ne7 9. O-O Bxd2 10. Bxd2 Nxd2 11. Qxd2 d6 12. Rfe1 O-O 13. Qf4 Ng6 14.
Qd4 Bd7 15. Re3 Qf6 16. Qxf6 gxf6 17. Nd4 Rfe8 18. Bb5 Bxb5 19. Nxb5 Rxe3 20.
fxe3 a6 21. Nd4 Ne7 22. Rc1 Rc8 23. e4 f5 24. Nxf5 Nxf5 25. exf5 Kg7 26. Rc3 c5
27. dxc6 Rxc6 28. Rb3 b5 29. Kf2 Kf6 30. g4 Rc4 31. Rd3 Ke5 32. Kg3 d5 33. Re3+
Re4 34. Ra3 d4 35. Kf3 Rf4+ 36. Kg3 Rf1 37. Kg2 Rb1 38. Kf3 Rxb2 39. Rxa6 Rxh2
40. Ra7 Rh3+ 41. Ke2 f6 42. Rb7 Ke4 43. Rxb5 Rh2+ 44. Kd1 Rxa2 45. Rb6 Ke3 46.
Rxf6 Ra1+ 47. Kc2 d3+ 48. Kb2 d2 49. Re6+ Kf4 50. Kxa1 d1=Q+ 51. Kb2 Qxg4 0-1

[Event "División  Honor Aragonesa 2018 "]
[Site "Aragon"]
[Date "2018.02.10"]
[Round "3.23"]
[White "Palacios Latasa, Elias"]
[Black "Fuertes Garay, Javier"]
[Result "1-0"]
[WhiteElo "2210"]
[BlackElo "2040"]
[PlyCount "49"]
[EventDate "2018.??.??"]
[EventType "tourn"]
[EventRounds "10"]
[EventCountry "ESP"]

1. e4 e5 2. Nc3 Nf6 3. Bc4 Bc5 4. d3 Nc6 5. Bg5 h6 6. Bh4 d6 7. Na4 O-O 8. Nxc5
dxc5 9. a3 Qd6 10. Ne2 Ne7 11. O-O Ng6 12. Bxf6 Qxf6 13. Qd2 Nf4 14. Nxf4 exf4
15. Qc3 Qg6 16. f3 Bh3 17. Rf2 Rfe8 18. Kh1 Bd7 19. g3 Qd6 20. Rg1 g5 21. Qd2
fxg3 22. Rxg3 Kg7 23. f4 f6 24. fxg5 hxg5 25. Rxg5+ 1-0

[Event "División  Honor Aragonesa 2018 "]
[Site "Aragon"]
[Date "2018.02.10"]
[Round "3.24"]
[White "Ferrer Echavarri, Fco Javier"]
[Black "Hernando Garcia, Antonio"]
[Result "0-1"]
[WhiteElo "1930"]
[BlackElo "2158"]
[PlyCount "130"]
[EventDate "2018.??.??"]
[EventType "tourn"]
[EventRounds "10"]
[EventCountry "ESP"]

1. d4 d5 2. c4 c6 3. Nf3 Nf6 4. Nc3 Bf5 5. Bf4 e6 6. e3 Qb6 7. Qb3 Qxb3 8. axb3
Nbd7 9. Be2 h6 10. Ne5 Be7 11. O-O O-O 12. c5 Nxe5 13. Bxe5 Nd7 14. Bc7 Rfc8
15. Bg3 e5 16. b4 exd4 17. exd4 a6 18. Rfd1 Re8 19. Bd3 Bxd3 20. Rxd3 Bf6 21.
Kf1 Nf8 22. f3 Rad8 23. Ne2 Ne6 24. Bf2 h5 25. Ng3 g6 26. Ne2 Nc7 27. Nc3 Re6
28. Bg3 Ne8 29. Re1 Rxe1+ 30. Bxe1 Ng7 31. Ne2 Re8 32. Kf2 Nf5 33. Bc3 Bg5 34.
Bd2 Bf6 35. Bc3 Kf8 36. Bd2 Ke7 37. Bc3 Kd7 38. Nc1 Bd8 39. Nb3 Bc7 40. g3 Rh8
41. Bd2 f6 42. Kg2 g5 43. Kf2 g4 44. f4 h4 45. Kg2 hxg3 46. hxg3 Rh3 47. Nc1
Rh8 48. Ne2 Ng7 49. Nc1 Re8 50. Kf2 Nh5 51. Ne2 f5 52. Nc1 Nf6 53. Be1 Ne4+ 54.
Kf1 Rh8 55. Kg2 Rh3 56. Ne2 Ke6 57. Ng1 Rh8 58. Ne2 Ra8 59. Ra3 Kd7 60. Kf1 Re8
61. Rd3 Kc8 62. Kg2 Nxc5 63. bxc5 Rxe2+ 64. Kf1 Rxb2 65. Re3 Kd7 0-1

[Event "División  Honor Aragonesa 2018 "]
[Site "Aragon"]
[Date "2018.02.10"]
[Round "3.25"]
[White "Nicolas Zapata, Irene"]
[Black "Hinojar Basa, Alfonso"]
[Result "1-0"]
[WhiteElo "2244"]
[BlackElo "2199"]
[PlyCount "69"]
[EventDate "2018.??.??"]
[EventType "tourn"]
[EventRounds "10"]
[EventCountry "ESP"]

1. Nf3 c5 2. c4 Nc6 3. Nc3 g6 4. g3 Bg7 5. Bg2 e6 6. d3 Nge7 7. O-O O-O 8. Be3
Nd4 9. Bxd4 cxd4 10. Nb5 Qb6 11. Qc1 a6 12. Na3 d6 13. Rb1 Bd7 14. b4 Rac8 15.
h4 h6 16. Nc2 e5 17. e3 dxe3 18. Qxe3 Qxe3 19. Nxe3 b5 20. Rfc1 Bc6 21. Nd2 f5
22. Bxc6 Rxc6 23. Nd5 Re8 24. Nxe7+ Rxe7 25. cxb5 Rxc1+ 26. Rxc1 axb5 27. Rc8+
Kf7 28. Rb8 Ra7 29. Rxb5 Rxa2 30. Nc4 Ke6 31. Rb7 Bf6 32. b5 e4 33. Rb6 Be5 34.
d4 Rc2 35. Nxe5 1-0

[Event "División  Honor Aragonesa 2018 "]
[Site "Aragon"]
[Date "2018.02.10"]
[Round "3.26"]
[White "Portero Garnica, Miguel Angel"]
[Black "Garcia Fernandez, Javier"]
[Result "1/2-1/2"]
[WhiteElo "2116"]
[BlackElo "2148"]
[PlyCount "138"]
[EventDate "2018.??.??"]
[EventType "tourn"]
[EventRounds "10"]
[EventCountry "ESP"]

1. e4 c5 2. Nf3 g6 3. d4 cxd4 4. Qxd4 Nf6 5. e5 Nc6 6. Qf4 Nd5 7. Qe4 Nb6 8.
Bf4 d5 9. exd6 Bf5 10. Qe2 Bg7 11. dxe7 Qxe7 12. Qxe7+ Kxe7 13. c3 Na4 14. Bb5
Nxb2 15. O-O Rhc8 16. Bc1 Nd3 17. Ba3+ Kf6 18. Nbd2 a6 19. Bxd3 Bxd3 20. Rfe1
g5 21. Re3 Bf5 22. Rae1 b5 23. Bc5 Kg6 24. h3 h5 25. Nb3 Be6 26. Nfd2 a5 27. a3
Ra6 28. Kh2 Rd8 29. h4 g4 30. Kg3 Rd5 31. Bd4 Bxd4 32. cxd4 Nxd4 33. Nxd4 Rxd4
34. Nb3 Bxb3 35. Rxb3 b4 36. Re5 f6 37. Rb5 bxa3 38. Rxa3 a4 39. f3 f5 40. fxg4
Rxg4+ 41. Kh3 f4 42. Rb2 Kf5 43. Rba2 Rg3+ 44. Rxg3 fxg3 45. Kxg3 Ke4 46. Ra3
Kd4 47. Kf3 Kc4 48. g4 Rf6+ 49. Kg3 Kb4 50. g5 Rd6 51. Rf3 a3 52. Rf4+ Kc3 53.
Ra4 Kb2 54. Rb4+ Kc3 55. Ra4 Kb3 56. Ra7 Rb6 57. Kf4 Rb4+ 58. Kf5 a2 59. g6
Rxh4 60. g7 Rg4 61. Rb7+ Kc3 62. Ra7 Kb2 63. Rb7+ Kc2 64. Ra7 Kb1 65. Rb7+ Kc2
66. Ra7 Kb3 67. Rb7+ Kc4 68. Ra7 Rxg7 69. Rxa2 Rh7 1/2-1/2

[Event "División  Honor Aragonesa 2018 "]
[Site "Aragon"]
[Date "2018.02.10"]
[Round "3.27"]
[White "Dominguez Bujeda, Jesus"]
[Black "Sancho Cortes, Miguel Angel"]
[Result "0-1"]
[WhiteElo "2097"]
[BlackElo "2048"]
[PlyCount "85"]
[EventDate "2018.??.??"]
[EventType "tourn"]
[EventRounds "10"]
[EventCountry "ESP"]

1. d4 f5 2. c4 Nf6 3. Nc3 e6 4. e3 b6 5. Bd3 Bb7 6. f3 c5 7. Nge2 Nc6 8. O-O
Bd6 9. d5 Ne5 10. f4 Nxd3 11. Qxd3 O-O 12. Ng3 Ng4 13. e4 fxe4 14. Ncxe4 Be7
15. Bd2 exd5 16. cxd5 Bf6 17. Bc3 Bxc3 18. bxc3 Qh4 19. h3 Nf6 20. Nd6 Ba6 21.
c4 Ne8 22. Ndf5 Qf6 23. Rae1 Nd6 24. Nxd6 Qxd6 25. Nf5 Qf6 26. Ne7+ Kh8 27. Re5
Rf7 28. Rfe1 g6 29. f5 g5 30. d6 Bb7 31. Nd5 Qxd6 32. Re8+ Rxe8 33. Rxe8+ Rf8
34. Qc3+ Kg8 35. Re7 Rf7 36. Re8+ Rf8 37. Qe3 h6 38. Ne7+ Kf7 39. Rxf8+ Kxf8
40. Ng6+ Kf7 41. Ne5+ Kg7 42. Kh2 Kf6 43. g3 0-1

[Event "División  Honor Aragonesa 2018 "]
[Site "Aragon"]
[Date "2018.02.10"]
[Round "3.28"]
[White "Ciriano Lamban, Alejandro"]
[Black "Martin Catalan, Juan Vicente"]
[Result "0-1"]
[WhiteElo "2073"]
[BlackElo "2055"]
[PlyCount "130"]
[EventDate "2018.??.??"]
[EventType "tourn"]
[EventRounds "10"]
[EventCountry "ESP"]

1. Nf3 c5 2. g3 Nc6 3. Bg2 g6 4. O-O Bg7 5. d3 Nf6 6. e4 O-O 7. c3 d6 8. Nbd2
Rb8 9. a4 a6 10. Qc2 Bd7 11. Nc4 b5 12. axb5 axb5 13. Ne3 b4 14. Nd2 bxc3 15.
bxc3 Ng4 16. Nxg4 Bxg4 17. h3 Bd7 18. Bb2 Qc7 19. Rfb1 Rb5 20. Bc1 Rxb1 21.
Rxb1 Rb8 22. Rxb8+ Qxb8 23. Bb2 Qb5 24. Bf1 Qb7 25. Nc4 Be6 26. Ne3 Ne5 27. f4
Nc6 28. Bg2 Qb6 29. Kh2 Bb3 30. Qe2 e5 31. f5 Qd8 32. Bc1 Bh6 33. Bd2 Bxe3 34.
Bxe3 g5 35. Qb2 c4 36. Bf1 f6 37. dxc4 Na5 38. Qd2 Qc7 39. Qd5+ Kg7 40. Qb5
Bxc4 41. Bxc4 Qxc4 42. Qxc4 Nxc4 43. Bc1 Kf7 44. Kg2 Ke7 45. Kf3 h5 46. Ke2 d5
47. Kd3 Kd6 48. h4 gxh4 49. gxh4 Kc5 50. Bh6 dxe4+ 51. Ke2 Kd6 52. Bf8+ Kd7 53.
Kf2 Nd6 54. Ke3 Nxf5+ 55. Kxe4 Nxh4 56. Bg7 Ke6 57. Bf8 Nf5 58. Bc5 Nd6+ 59.
Kf3 f5 60. Bf2 f4 61. Bc5 Nb5 62. Bb4 Kf5 63. c4 e4+ 64. Kf2 Nd4 65. Bd2 h4 0-1

[Event "División  Honor Aragonesa 2018 "]
[Site "Aragon"]
[Date "2018.02.10"]
[Round "3.29"]
[White "Cebollada Pacheco, Jesus Raul"]
[Black "Roche Simon, Manuel Angel"]
[Result "0-1"]
[WhiteElo "2042"]
[BlackElo "2210"]
[PlyCount "110"]
[EventDate "2018.??.??"]
[EventType "tourn"]
[EventRounds "10"]
[EventCountry "ESP"]

1. e4 c5 2. Nf3 d6 3. Bb5+ Bd7 4. Bxd7+ Qxd7 5. c4 g6 6. O-O Bg7 7. d4 cxd4 8.
Nxd4 Nf6 9. f3 O-O 10. Be3 Nc6 11. Nc3 Rad8 12. Rc1 e6 13. Qd2 h5 14. Rfd1 Ne8
15. Qf2 a6 16. c5 d5 17. exd5 exd5 18. Qd2 Nc7 19. Nce2 Ne6 20. Nxc6 bxc6 21.
Nd4 Rb8 22. b4 Rfe8 23. a3 Nxd4 24. Bxd4 Bxd4+ 25. Qxd4 Qe6 26. Rc3 a5 27. h3
axb4 28. axb4 Qe2 29. Rb3 Qb5 30. Qd3 Qxd3 31. Rdxd3 Re1+ 32. Kf2 Rc1 33. Rd4
Rxc5 34. Ra3 Rc2+ 35. Kg3 Re8 36. b5 Ree2 37. bxc6 Rxg2+ 38. Kf4 Rxc6 39. Ke5
Rg5+ 40. Kf4 Rf5+ 41. Ke3 Kg7 42. Rad3 Rc5 43. Ra4 g5 44. Rb4 Kg6 45. Rbd4 Kf6
46. Rb4 Ke5 47. Rb8 d4+ 48. Kd2 Rd5 49. Rh8 h4 50. Ke2 Kf4 51. Kf2 Rfe5 52. Rh6
f5 53. Ra6 Re3 54. Raa3 Rxd3 55. Rxd3 Ke5 0-1

[Event "División  Honor Aragonesa 2018 "]
[Site "Aragon"]
[Date "2018.02.10"]
[Round "3.30"]
[White "Llanes Luno, Ricardo"]
[Black "Arjol Lopez, Daniel"]
[Result "1-0"]
[WhiteElo "2179"]
[BlackElo "2042"]
[PlyCount "87"]
[EventDate "2018.??.??"]
[EventType "tourn"]
[EventRounds "10"]
[EventCountry "ESP"]

1. e4 c5 2. Nf3 g6 3. d4 cxd4 4. Qxd4 Nf6 5. Bb5 a6 6. e5 axb5 7. exf6 Nc6 8.
Qd3 e6 9. Nc3 Bb4 10. O-O Bxc3 11. bxc3 Qxf6 12. Qxb5 Ra5 13. Qb6 O-O 14. Bd2
d6 15. Nd4 Ra6 16. Qb3 Bd7 17. Qxb7 Ra7 18. Qb2 Rb8 19. Qc1 Nxd4 20. cxd4 Bc6
21. Be3 Ra5 22. Rb1 Rxb1 23. Qxb1 Rb5 24. Qe1 Rh5 25. f3 Bb5 26. Rf2 Qh4 27. g4
Rd5 28. Qb4 h5 29. c4 Bxc4 30. Qxc4 hxg4 31. Qe2 e5 32. fxg4 exd4 33. Qf3 Rf5
34. gxf5 dxe3 35. Re2 Qg5+ 36. Kh1 Qf6 37. Kg2 Qg5+ 38. Kf1 Qf6 39. Rxe3 Qa1+
40. Re1 Qxa2 41. Re8+ Kg7 42. f6+ Kh6 43. Qe3+ Kh5 44. Qe2+ 1-0

[Event "División  Honor Aragonesa 2018 "]
[Site "Aragon"]
[Date "2018.02.10"]
[Round "3.31"]
[White "Roque Sola, Gisela"]
[Black "Neila Castillo, Miguel Angel"]
[Result "1/2-1/2"]
[WhiteElo "1978"]
[BlackElo "2128"]
[PlyCount "73"]
[EventDate "2018.??.??"]
[EventType "tourn"]
[EventRounds "10"]
[EventCountry "ESP"]

1. c4 e5 2. Nc3 f5 3. g3 Nf6 4. Bg2 Nc6 5. d3 Bc5 6. Nf3 h6 7. O-O O-O 8. e3
Bb6 9. Na4 d6 10. a3 Ne7 11. c5 Bxc5 12. Nxc5 dxc5 13. Nxe5 c6 14. Qc2 Qd6 15.
Nc4 Qc7 16. Bd2 Be6 17. e4 Ng6 18. exf5 Bxf5 19. Ne3 Qd7 20. Nxf5 Qxf5 21. Qb3+
Rf7 22. Be3 Ne5 23. Bxc5 Qxd3 24. Qxd3 Nxd3 25. Bd4 Rd8 26. Bxf6 Rxf6 27. b3
Ne5 28. Rad1 Rxd1 29. Rxd1 Nf3+ 30. Kh1 Ne5 31. f4 Ng4 32. Kg1 Ne3 33. Rd8+ Rf8
34. Rd7 Rf7 35. Rd8+ Rf8 36. Rd7 Rf7 37. Rd8+ 1/2-1/2

[Event "División  Honor Aragonesa 2018 "]
[Site "Aragon"]
[Date "2018.02.10"]
[Round "3.32"]
[White "Dominguez Luzon, Fernando"]
[Black "Ayensa Garcia, Miguel Angel"]
[Result "0-1"]
[WhiteElo "1953"]
[BlackElo "1779"]
[PlyCount "99"]
[EventDate "2018.??.??"]
[EventType "tourn"]
[EventRounds "10"]
[EventCountry "ESP"]

1. e4 c5 2. Nf3 g6 3. d4 cxd4 4. Nxd4 Bg7 5. Nc3 Nc6 6. Be3 Nf6 7. Be2 O-O 8.
O-O d6 9. Nb3 b6 10. f4 Bb7 11. Bf3 Rc8 12. Qe2 Nb4 13. Rfc1 Nd7 14. a3 Na6 15.
Nd4 Nac5 16. Qd2 Nf6 17. e5 dxe5 18. fxe5 Nfe4 19. Nxe4 Nxe4 20. Qe2 Bxe5 21.
Rd1 Qc7 22. Bxe4 Bxe4 23. Bh6 Bxh2+ 24. Kh1 Bb7 25. Bxf8 Kxf8 26. Rf1 Qe5 27.
Qf2 Bd5 28. Nf3 Bxf3 29. Qxf3 f6 30. Rae1 Qg3 31. Qe4 Rc7 32. Re3 Qd6 33. Rd3
Qe5 34. Qh4 Qe2 35. Rd8+ Kg7 36. Re1 Rc4 37. Rxe2 Rxh4 38. Rd7 Kh6 39. c3 Kg5
40. Rd3 e5 41. b4 f5 42. a4 e4 43. Rd5 Be5+ 44. Kg1 Bxc3 45. a5 Bxb4 46. a6
Bc5+ 47. Rxc5 bxc5 48. Rb2 e3 49. Rb7 Ra4 50. Rxa7 0-1

[Event "Cto Aragon Equipos Pref Gr I "]
[Site "Aragon"]
[Date "2018.02.10"]
[Round "3.33"]
[White "Aribau Rivas, Miguel Angel"]
[Black "Lopez Caudevilla, David"]
[Result "0-1"]
[WhiteElo "2029"]
[BlackElo "2115"]
[PlyCount "108"]
[EventDate "2018.??.??"]
[EventType "tourn"]
[EventRounds "9"]
[EventCountry "ESP"]

1. e4 g6 2. d4 Bg7 3. Nc3 d6 4. Be3 a6 5. a4 b6 6. Qd2 Bb7 7. f3 Nd7 8. Bc4 e6
9. Nge2 h6 10. Nf4 Ndf6 11. Bb3 d5 12. exd5 exd5 13. O-O-O Ne7 14. Kb1 b5 15.
Nd3 Nd7 16. axb5 axb5 17. Nxb5 Ba6 18. Na3 c6 19. Rhe1 Bxd3 20. Qxd3 O-O 21. g4
Nb6 22. Bf4 g5 23. Bd2 Ng6 24. c3 Qf6 25. Re2 Rfb8 26. Kc1 Bf8 27. Be3 Bxa3 28.
bxa3 Rxa3 29. Rb2 Qxf3 30. Bc2 Re8 31. Bd2 Qxd3 32. Bxd3 Na4 33. Bxg6 fxg6 34.
Rb7 Nxc3 35. Bxc3 Rxc3+ 36. Kb2 Rf3 37. Rd2 Re4 38. Rc7 Rf6 39. Kc3 Rxg4 40.
Kb4 Rg1 41. Rc2 Rb1+ 42. Kc3 Rb8 43. Kd3 Rbf8 44. R2xc6 Rxc6 45. Rxc6 Kg7 46.
Rd6 Rf3+ 47. Ke2 Rf5 48. Rd7+ Kf6 49. Rd6+ Kf7 50. Ke3 h5 51. h3 g4 52. hxg4
hxg4 53. Ra6 Kg7 54. Ra1 Kh6 0-1

[Event "Cto Aragon Equipos Pref Gr I "]
[Site "Aragon"]
[Date "2018.02.10"]
[Round "3.34"]
[White "Serrano San Nicolas, Angel"]
[Black "Alsina Franco, Sergio"]
[Result "1/2-1/2"]
[WhiteElo "1998"]
[BlackElo "1857"]
[PlyCount "88"]
[EventDate "2018.??.??"]
[EventType "tourn"]
[EventRounds "9"]
[EventCountry "ESP"]

1. e4 e5 2. f4 Bc5 3. Nf3 d6 4. c3 Nf6 5. d4 exd4 6. cxd4 Bb6 7. Nc3 Nc6 8. Bb5
O-O 9. O-O Bg4 10. Be3 Re8 11. Bxc6 bxc6 12. h3 Nxe4 13. hxg4 Nxc3 14. bxc3
Rxe3 15. Qd2 Re8 16. a4 a5 17. Qd3 Qf6 18. f5 h6 19. Kf2 c5 20. Kg3 cxd4 21.
cxd4 Re7 22. g5 hxg5 23. Rh1 Rae8 24. Rh2 Bxd4 25. Qxd4 Qxd4 26. Nxd4 Re3+ 27.
Kf2 g4 28. Rh4 R3e4 29. Nc6 Rf4+ 30. Kg3 Rxf5 31. Rxg4 Rc5 32. Nd4 f5 33. Rf4
g6 34. Kh4 Kf7 35. Kg5 Rh8 36. g4 Rc4 37. gxf5 Rh5+ 38. Kg4 c5 39. fxg6+ Kxg6
40. Ne2 Rg5+ 41. Kf3 Rf5 42. Ke3 Rfxf4 43. Nxf4+ Kf5 44. Nd3 d5 1/2-1/2

[Event "Cto Aragon Equipos Pref Gr I "]
[Site "Aragon"]
[Date "2018.02.10"]
[Round "3.35"]
[White "Casas Chine, German"]
[Black "Aviol Perez, Jose Mariano"]
[Result "1/2-1/2"]
[WhiteElo "1793"]
[BlackElo "1786"]
[PlyCount "91"]
[EventDate "2018.??.??"]
[EventType "tourn"]
[EventRounds "9"]
[EventCountry "ESP"]

1. e4 d6 2. d4 Nf6 3. Nc3 g6 4. Nf3 Bg7 5. Bg5 O-O 6. Qd2 c6 7. O-O-O b5 8. Bd3
Nbd7 9. Bh6 Qa5 10. Bxg7 Kxg7 11. Kb1 b4 12. Ne2 Nb6 13. Qg5 Qxg5 14. Nxg5 e5
15. dxe5 dxe5 16. Nf3 Re8 17. Nc1 c5 18. Bb5 Re7 19. Rhe1 Bb7 20. Nd2 Rd8 21.
f3 Rc7 22. Nc4 Rxd1 23. Rxd1 Nxc4 24. Bxc4 Rd7 25. Rxd7 Nxd7 26. Bb5 Nb6 27.
Nd3 c4 28. Nxb4 f5 29. Bc6 Bc8 30. Kc1 Kf6 31. Kd2 Ke7 32. Nd5+ Kd6 33. Nxb6
axb6 34. Bb5 Kc5 35. a4 fxe4 36. fxe4 Bb7 37. Ke3 g5 38. Bd7 h6 39. Be8 c3 40.
b3 Ba6 41. Bh5 Bc8 42. Be2 Kb4 43. Bc4 Bg4 44. Kd3 h5 45. Bf7 h4 46. h3 1/2-1/2

[Event "Cto Aragon Equipos Pref Gr I "]
[Site "Aragon"]
[Date "2018.02.10"]
[Round "3.36"]
[White "Arbiol Val, Sergio"]
[Black "Barbe Pozas, Saturnino"]
[Result "1-0"]
[WhiteElo "1631"]
[BlackElo "1731"]
[PlyCount "31"]
[EventDate "2018.??.??"]
[EventType "tourn"]
[EventRounds "9"]
[EventCountry "ESP"]

1. e4 c6 2. d4 d5 3. exd5 cxd5 4. Bd3 Nc6 5. c3 Nf6 6. Bf4 Bg4 7. Nf3 e6 8.
Nbd2 Bd6 9. Bg3 O-O 10. O-O Re8 11. Qc2 Rc8 12. Ne5 Nxd4 13. Qa4 Bxe5 14. Bxe5
Nc6 15. Bxf6 Qxf6 16. Qxg4 1-0

[Event "Cto Aragon Equipos Pref Gr I "]
[Site "Aragon"]
[Date "2018.02.10"]
[Round "3.37"]
[White "Delgado Crespo, Mairelys"]
[Black "Malo Guillen, Jose Luis"]
[Result "1-0"]
[WhiteElo "2250"]
[BlackElo "2113"]
[PlyCount "49"]
[EventDate "2018.??.??"]
[EventType "tourn"]
[EventRounds "9"]
[EventCountry "ESP"]

1. e4 e5 2. Nf3 Nc6 3. Nc3 Nf6 4. d4 exd4 5. Nxd4 Bc5 6. Be3 Qe7 7. Nf5 Qf8 8.
Nxg7+ Qxg7 9. Bxc5 d6 10. Be3 Be6 11. Qd2 O-O-O 12. O-O-O d5 13. exd5 Nxd5 14.
Bd3 Ncb4 15. Nxd5 Nxd3+ 16. Qxd3 Rxd5 17. Qa3 Rhd8 18. Rxd5 Rxd5 19. Qxa7 Qxg2
20. Re1 Qe4 21. Qa8+ Kd7 22. Qxb7 Bf5 23. Qb3 Rc5 24. Rd1+ Kc8 25. Bxc5 1-0